| 000 | 01300nam a2200337Ia 4500 | ||
|---|---|---|---|
| 001 | ebr10112129 | ||
| 003 | CaPaEBR | ||
| 006 | m u | ||
| 007 | cr cn||||||||| | ||
| 008 | 050818s2003 txua sb 001 0 eng d | ||
| 020 | _z0738499072 | ||
| 040 |
_aCaPaEBR _cCaPaEBR |
||
| 035 | _a(OCoLC)614898224 | ||
| 050 | 1 | 4 |
_aQA76.76.O63 _bT88 2003eb |
| 100 | 1 | _aTuttle, Steven. | |
| 245 | 1 | 0 |
_aAIX 5L version 5.2 security supplement _h[electronic resource] / _cSteven Tuttle, Gabriel Pizano, Chris Smith. |
| 260 |
_aAustin, TX : _bIBM Corp., International Technical Support Organization, _cc2003. |
||
| 300 |
_axi, 180 p. : _bill. |
||
| 490 | 1 | _aRedbooks | |
| 500 | _a"November 2003.' | ||
| 504 | _aIncludes bibliographical references and index. | ||
| 533 |
_aElectronic reproduction. _bPalo Alto, Calif. : _cebrary, _d2009. _nAvailable via World Wide Web. _nAccess may be limited to ebrary affiliated libraries. |
||
| 630 | 0 | 0 | _aAIX (Computer file) |
| 650 | 0 | _aOperating systems (Computers) | |
| 655 | 7 |
_aElectronic books. _2local |
|
| 700 | 1 | _aPizano, Gabriel. | |
| 700 | 1 | _aSmith, Chris. | |
| 710 | 2 | _aebrary, Inc. | |
| 830 | 0 | _aIBM redbooks. | |
| 856 | 4 | 0 |
_uhttp://site.ebrary.com/lib/rucke/Doc?id=10112129 _zAn electronic book accessible through the World Wide Web; click to view |
| 999 |
_c210602 _d210602 |
||